After Tutankhamūn : research and excavation in the Royal Necropolis at Thebes /

محفوظ في:

المؤلف الرئيسي: Reeves, Nicholas, 1956- (مؤلف)

التنسيق: كتاب

اللغة: English

سلاسل: Studies in Egyptology.

الموضوعات:

الوسوم: إضافة وسم

لا توجد وسوم, كن أول من يضع وسما على هذه التسجيلة!

رقم الطلب: DT73 .B44 A47 1992

LEADER 01091namaa2200289 4500
001 13603
003 OSt
005 20210816113207.0
008 130303s1992 enka g b 001 0 eng d
952 |0 0  |1 0  |2 lcc  |4 0  |6 DT0073 B44 A47 01992  |7 1  |9 17789  |a ARCE  |b ARCE  |d 2021-08-16  |l 0  |o DT73 .B44 A47 1992  |p 1004803  |r 2021-08-16 00:00:00  |w 2021-08-16  |y BK 
999 |c 14662  |d 14662 
010 |a 90043443 
020 |a 0710304064 
040 |c ARCE Library 
043 |a f-ua--- 
050 0 4 |a DT73 .B44 A47 1992 
100 1 |a Reeves, Nicholas,  |d 1956-  |e author 
245 1 0 |a After Tutankhamūn :  |b research and excavation in the Royal Necropolis at Thebes /  |c edited and with an introduction by C. N. Reeves ; foreword by the Earl of Carnarvon. 
264 1 |a London :  |b Kegan Paul,  |c 1992. 
300 |a xv, 211 pages :  |b illustrations ;  |c 25 cm. 
490 0 |a Studies in Egyptology. 
504 |a Includes biblographical references and index. 
650 0 |a Excavations (Archaeology)  |z Egypt. 
651 0 |a Valley of the Kings (Egypt) 
651 0 |a Thebes (Egypt : Extinct city) 
901 |a reviewed 
942 |c BK  |2 lcc